Green Eggs and Ham - Sudden Death - Statistics

General Stats
  • This quiz has been taken 81 times
  • The average score is 7 of 19
Answers on the Grid
Answers color-coded by a green-red scale on the quiz's grid according to % correct below.
anywhere
bank
bet
boat
box
car
could
dark
far
float
fox
goat
here
house
lamb
legs
louse
mean
mouse
near
park
plane
rain
say
sea
see
sheep
should
sleep
socks
thank
there
train
tree
would
yet
 
Answer Stats
Answer % Correct
anywhere
73%
box
59%
fox
55%
here
55%
boat
45%
mouse
45%
car
41%
house
41%
there
41%
train
36%
tree
36%
could
32%
goat
32%
rain
32%
dark
27%
would
27%
see
18%
say
14%
thank
14%
No matching quizzes found
Score Distribution
Percent of People with Each Score
Percentile by Number Answered
Your Score History
You have not taken this quiz